000 00839nam a22002177a 4500
005 20120903100227.0
008 120903t xxu||||| |||| 00| 0 eng d
010 _aENG-105747
020 _a9789381867181
_c250.00
035 _aEN-89280
037 _bDBAD/PUB
040 _aDPL
_bEng
082 _a797.21
245 _aHow to play swimming /
_cedited and compiled by Naval Kishore
260 _aNew Delhi
_bPrerna Prakashan
_c2012
270 _aC-13, Plot No. D-5, Rose Apartment, Sector-14 Extension, Rohini
_bNew Delhi
_e110085
_mlakshaythani@hotmail.com
300 _a92p. :
_bill.
_c22cm(Hb)
700 _a Naval Kishore
_951934
942 _2ddc
_cEN
_h797.21
_mHOW
999 _c69615
_d69615